000 00955nam a2200265 a 4500
001 000019459
005 20200929170026.0
008 100629s2008 es c 000 0bspa d
020 _a9788497647458
040 _aDO-SdBNP
_bspa
_cBNPHU
082 _a927.92
_bM753J
100 1 _aCuesta, Javier
_941791
245 1 0 _aMarilyn Monroe 92-60-90 /
_cJavier Cuesta ; coordinador general Felipe Sen ; coordinador de colección Mar de Ventura Fernández.
260 _aMadrid, España :
_bEdimat,
_c2008.
300 _a191 p. :
_bretrs. ;
_c22 cm.
490 1 _aMujeres en la historia
500 _aIncluye datos biográficos del autor en el chaleco
504 _aIncluye bibliografías (p. 191)
600 1 4 _aMONROE, MARILYN,
_d1926-1962
_941792
650 4 _aActrices estadounidenses
_941793
700 1 _aSen, Felipe,
_ecoord.
_941707
700 1 _aVentura Fernández, Mar de,
_ecoord.
_941759
830 0 _aMujeres en la historia
_941760
049 _aBNPD
999 _c18975
_d18975